| 000 | 00334nmm a2200145 a 4500 | ||
|---|---|---|---|
| 003 | AR-BaBNM | ||
| 005 | 20251128202650.0 | ||
| 008 | 013119s1910 ||||||||||||||000 | spa|| | ||
| 040 | _cAR-BaBNM | ||
| 100 | 1 | _aGez, Juan Wenceslao | |
| 245 | 1 | 0 | _aLa tradición puntana |
| 260 |
_a[S.l.] _bT. Heinecke _c1910 |
||
| 942 | _cBK | ||
| 998 | _cRhizi | ||
| 999 |
_c39 _d39 |
||